Cost management accounting and control

Gardado en:
Detalles Bibliográficos
Autor Principal: Hansen, Don R.
Formato: Libro
Idioma:Undetermined
Publicado: Victoria Thomson 2006
Những chủ đề:
Các nhãn: Engadir etiqueta
Sen Etiquetas, Sexa o primeiro en etiquetar este rexistro!
Thư viện lưu trữ: Trung tâm Học liệu Trường Đại học Cần Thơ
LEADER 00553nam a2200205Ia 4500
001 CTU_100606
008 210402s9999 xx 000 0 und d
020 |c 2012000 
082 |a 657.42 
082 |b H249 
100 |a Hansen, Don R. 
245 0 |a Cost management 
245 0 |b accounting and control 
245 0 |c Don R. Hansen, Maryanne M. Mowen 
260 |a Victoria 
260 |b Thomson 
260 |c 2006 
650 |a Cost accounting,Managerial accouting 
910 |a Vương 
980 |a Trung tâm Học liệu Trường Đại học Cần Thơ